[Event "Prebor mesta Vsetina"]
[Site "Vsetin, Czech Republic"]
[Date "2021.07.06"]
[Round "5.2"]
[White "Galda, Tomas"]
[Black "Zadrapa, Radek"]
[Result "1-0"]
[WhiteElo "1552"]
[BlackElo "2048"]
[PlyCount "93"]
[EventDate "2021.??.??"]

1.d4 Nf6 2.Bf4 d5 3.Nf3 c5 4.c3 e6 5.e3 Nbd7 6.h3 Be7 7.Bd3 Qb6 8.Qb3 O-O 9.
Qxb6 axb6 10.c4 dxc4 11.Bxc4 Nd5 12.Bh2 Nb4 13.Kd2 Nf6 14.Nc3 Bd7 15.a3 Nbd5
16.Nxd5 exd5 17.Bd3 Ne4+ 18.Ke2 Bc6 19.Rac1 f6 20.Nd2 f5 21.Bc7 cxd4 22.exd4
b5 23.f3 Ng5 24.Nb3 b4 25.axb4 Bxb4 26.Ra1 Rac8 27.Be5 g6 28.h4 Nf7 29.f4 h5
30.Rhc1 Rfe8 31.Na5 Nd6 32.Nxc6 Rxc6 33.Rxc6 bxc6 34.Ra7 Nf7 35.Rc7 c5 36.Bb5
Rd8 37.dxc5 Nxe5 38.fxe5 Rb8 39.Bc6 Rd8 40.Bb7 Kf8 41.Rc6 Kg7 42.Rd6 Rb8 43.
Rd7+ Kf8 44.c6 Ba5 45.c7 Bxc7 46.Rxc7 Re8 47.Rc8 1-0

[Event "Prebor mesta Vsetina"]
[Site "Vsetin, Czech Republic"]
[Date "2021.07.06"]
[Round "5.3"]
[White "Kopecky, Matej"]
[Black "Matus, Filip"]
[Result "0-1"]
[WhiteElo "1419"]
[BlackElo "1947"]
[PlyCount "92"]
[EventDate "2021.??.??"]

1.e4 e6 2.d4 d5 3.exd5 exd5 4.Nc3 Nf6 5.Nf3 Bb4 6.Bd2 O-O 7.Bd3 Re8+ 8.Ne2 Bd6
9.h3 b6 10.O-O Bb7 11.Bf4 Bxf4 12.Nxf4 Qd6 13.g3 Nbd7 14.Bf5 Rad8 15.Bxd7 Nxd7
16.Nd3 c5 17.c3 Nf6 18.Nfe5 Ne4 19.Qh5 Re7 20.Nf4 f6 21.Ng4 Ree8 22.Kg2 Qd7
23.f3 Ng5 24.Rae1 Ne6 25.Nxf6+ gxf6 26.Qg4+ Ng7 27.Rxe8+ Qxe8 28.Kf2 Qf7 29.
Re1 Re8 30.Rxe8+ Qxe8 31.Nd3 cxd4 32.Qxd4 Qe7 33.c4 dxc4 34.Qxc4+ Qf7 35.Qd4
Qd5 36.Qe3 Ne6 37.Nf4 Nxf4 38.Qxf4 Kf7 39.g4 Qe5 40.Qh6 Qxb2+ 41.Kg3 Qe5+ 42.
Kg2 Qe2+ 43.Kg1 Qd3 44.Qh5+ Kg7 45.g5 Qe3+ 46.Kg2 Qxg5+ 0-1

[Event "Prebor mesta Vsetina"]
[Site "Vsetin, Czech Republic"]
[Date "2021.07.06"]
[Round "5.4"]
[White "Pys, Zbynek"]
[Black "Papsik, Miroslav"]
[Result "1-0"]
[WhiteElo "1936"]
[BlackElo "1616"]
[PlyCount "59"]
[EventDate "2021.??.??"]

1.Nf3 d6 2.d4 Nf6 3.g3 c6 4.c4 g6 5.Bg2 Bg7 6.Nc3 O-O 7.O-O Bf5 8.Re1 d5 9.Ne5
dxc4 10.Nxc4 Be6 11.Ne5 Nd5 12.Nf3 Re8 13.e4 Nxc3 14.bxc3 Nd7 15.a4 c5 16.Be3
cxd4 17.cxd4 Nf6 18.Ng5 Bc4 19.Rc1 Ba6 20.Qb3 Rf8 21.e5 Ng4 22.Ne4 Nxe3 23.
fxe3 b6 24.Ng5 Rb8 25.e6 Bb7 26.exf7+ Kh8 27.Ne6 Qd7 28.Rc7 Ra8 29.Rcc1 Qd8
30.Ng5 1-0

[Event "Prebor mesta Vsetina"]
[Site "Vsetin, Czech Republic"]
[Date "2021.07.06"]
[Round "5.5"]
[White "Klima, Tomas"]
[Black "Vaculik, Lubomir"]
[Result "1/2-1/2"]
[WhiteElo "1493"]
[BlackElo "1824"]
[PlyCount "67"]
[EventDate "2021.??.??"]

1.e4 d6 2.d4 Nf6 3.Nc3 g6 4.Nf3 Bg7 5.g3 O-O 6.Bg2 c5 7.dxc5 dxc5 8.Qxd8 Rxd8
9.O-O Nc6 10.a3 Bg4 11.Re1 e5 12.Bg5 h6 13.Bxf6 Bxf6 14.Nd5 Bg7 15.h3 Be6 16.
c4 Rab8 17.Rab1 f5 18.Nh4 Kf7 19.b3 Nd4 20.Nf3 Nxf3+ 21.Bxf3 fxe4 22.Bxe4 Bxh3
23.Nc7 Rd7 24.Bd5+ Kf6 25.Nb5 a6 26.Nc3 b6 27.Ne4+ Ke7 28.Rbd1 Kd8 29.f3 Bf5
30.g4 Bxe4 31.Bxe4 g5 32.Rxd7+ Kxd7 33.Rd1+ Ke7 34.Kf2 1/2-1/2

[Event "Prebor mesta Vsetina"]
[Site "Vsetin, Czech Republic"]
[Date "2021.07.06"]
[Round "5.6"]
[White "Orsag, Roman"]
[Black "Juracak, David"]
[Result "0-1"]
[WhiteElo "1278"]
[BlackElo "1660"]
[PlyCount "38"]
[EventDate "2021.??.??"]

1.e4 e5 2.Nf3 Nf6 3.Nc3 Bb4 4.d3 Nc6 5.Bd2 d6 6.h3 Be6 7.Be2 Qd7 8.Ng5 h6 9.
Nxe6 Qxe6 10.O-O O-O 11.a3 Ba5 12.b4 Bb6 13.Na4 Nd4 14.Nxb6 Nxe2+ 15.Qxe2 axb6
16.f4 exf4 17.Bxf4 Ra7 18.Qf3 Nh7 19.d4 Qg6 0-1

[Event "Prebor mesta Vsetina"]
[Site "Vsetin, Czech Republic"]
[Date "2021.07.06"]
[Round "5.7"]
[White "Brousek, Jiri"]
[Black "Zadrapa, Jakub"]
[Result "1-0"]
[WhiteElo "1833"]
[BlackElo "1509"]
[PlyCount "87"]
[EventDate "2021.??.??"]

1.d4 d5 2.Nf3 Nf6 3.e3 e6 4.Bd3 Bd6 5.O-O O-O 6.b3 Nbd7 7.Bb2 c5 8.Ne5 Qc7 9.
f4 Ne4 10.Bxe4 dxe4 11.c4 cxd4 12.Nxd7 Qxd7 13.Qxd4 f5 14.Rd1 Rd8 15.Nc3 Bxf4
16.Nxe4 Qxd4 17.Bxd4 e5 18.exf4 exd4 19.Nf2 Be6 20.Rd2 Rd6 21.Rad1 Rad8 22.Nd3
b6 23.Ne5 Bc8 24.Nf3 d3 25.Ne5 Bb7 26.Rxd3 Rxd3 27.Rxd3 Rxd3 28.Nxd3 Be4 29.
Ne5 Kf8 30.Kf2 Ke7 31.g3 Kd6 32.b4 Bb7 33.Ke3 Be4 34.Kd4 Kc7 35.c5 Bg2 36.Nf7
h6 37.Nd6 g6 38.Nf7 Kc6 39.a4 bxc5+ 40.bxc5 a5 41.Ne5+ Kc7 42.Nxg6 Bc6 43.Ne7
Bd7 44.c6 1-0

[Event "Prebor mesta Vsetina"]
[Site "Vsetin, Czech Republic"]
[Date "2021.07.06"]
[Round "5.8"]
[White "Bartosek, Ivan"]
[Black "Sveduk, Jakub"]
[Result "0-1"]
[WhiteElo "1728"]
[BlackElo "1367"]
[PlyCount "95"]
[EventDate "2021.??.??"]

1.e4 e6 2.d4 d5 3.e5 c5 4.c3 Nc6 5.Bb5 Bd7 6.Ba4 cxd4 7.cxd4 Qa5+ 8.Bd2 Qb6 9.
Bxc6 bxc6 10.Bc3 Nh6 11.Nd2 Nf5 12.Nb3 c5 13.Ne2 Ba4 14.dxc5 Bxc5 15.O-O Bxb3
16.axb3 O-O 17.Ba5 Qb8 18.Ra4 Qxe5 19.Nc3 a6 20.b4 Bd6 21.g3 Nd4 22.Bb6 Nc6
23.Re1 Qf6 24.b5 axb5 25.Nxb5 Be5 26.b4 Rxa4 27.Qxa4 Nd4 28.Re3 Nxb5 29.Qxb5
Bd4 30.Re2 g6 31.Bc7 Ra8 32.Qb7 Ra1+ 33.Kg2 Rb1 34.b5 Qe7 35.Rd2 Bc5 36.Qb8+
Qf8 37.Qb7 Bd6 38.b6 Bxc7 39.Qxc7 Qb4 40.Qb8+ Kg7 41.Rc2 Qe4+ 42.Kh3 Qxc2 43.
Qe5+ Kh6 44.Qf4+ g5 45.Qb8 Qf5+ 46.Kg2 g4 47.Qf8+ Kh5 48.Qd8 0-1

[Event "Prebor mesta Vsetina"]
[Site "Vsetin, Czech Republic"]
[Date "2021.07.06"]
[Round "6.1"]
[White "Galda, Tomas"]
[Black "Bosak, Jan"]
[Result "0-1"]
[WhiteElo "1552"]
[BlackElo "2059"]
[PlyCount "86"]
[EventDate "2021.??.??"]

1.d4 Nf6 2.Nf3 g6 3.g3 Bg7 4.Bg2 c5 5.c3 cxd4 6.cxd4 O-O 7.Nc3 d5 8.O-O Nc6 9.
Re1 Ne4 10.Ne5 Nxc3 11.Nxc6 Nxd1 12.Nxd8 Nxf2 13.Kxf2 Rxd8 14.Rd1 Be6 15.Be3
Rac8 16.Rac1 Kf8 17.Ke1 Ke8 18.Kd2 Kd7 19.Rc3 Rxc3 20.bxc3 b5 21.Rb1 Rb8 22.a4
a6 23.Bf4 Rb6 24.e4 dxe4 25.Bxe4 Bf5 26.Bxf5+ gxf5 27.Kd3 Kc6 28.a5 Rb7 29.Bc1
Kd5 30.Ba3 Rc7 31.Rf1 e6 32.Bc5 Bh6 33.Rf2 Bg5 34.Re2 Bf6 35.Rf2 h5 36.Rf4 Rc8
37.Bb4 Rg8 38.Ba3 Bd8 39.Bb4 Rg4 40.Rf3 Re4 41.Rf1 Bg5 42.Rf3 Re1 43.c4+ bxc4+
0-1

[Event "Prebor mesta Vsetina"]
[Site "Vsetin, Czech Republic"]
[Date "2021.07.06"]
[Round "6.3"]
[White "Juracak, David"]
[Black "Matus, Filip"]
[Result "1/2-1/2"]
[WhiteElo "1660"]
[BlackElo "1947"]
[PlyCount "67"]
[EventDate "2021.??.??"]

1.d4 d5 2.c4 c6 3.Nf3 Nf6 4.e3 e6 5.Nc3 Be7 6.Bd3 dxc4 7.Bxc4 b5 8.Bd3 a6 9.b3
Bb7 10.Bb2 Nbd7 11.Rc1 Rc8 12.Be2 O-O 13.O-O c5 14.dxc5 Nxc5 15.Qxd8 Rfxd8 16.
Nd4 Kf8 17.Ba3 Nce4 18.Bxe7+ Kxe7 19.Nxe4 Bxe4 20.Bf3 Bxf3 21.Nxf3 Ne4 22.Nd4
Ke8 23.f3 Nc3 24.Rf2 e5 25.Nc2 Nxa2 26.Ra1 Nc3 27.Nb4 Rd1+ 28.Rf1 Ne2+ 29.Kf2
Rxf1+ 30.Kxf1 Rc1+ 31.Rxc1 Nxc1 32.Nxa6 Nxb3 33.Nc7+ Kd7 34.Nxb5 1/2-1/2

[Event "Prebor mesta Vsetina"]
[Site "Vsetin, Czech Republic"]
[Date "2021.07.06"]
[Round "6.4"]
[White "Dolezal, Karel"]
[Black "Klima, Tomas"]
[Result "1-0"]
[WhiteElo "1895"]
[BlackElo "1493"]
[PlyCount "69"]
[EventDate "2021.??.??"]

1.c4 c5 2.g3 g6 3.e3 e5 4.Nc3 Nc6 5.Bg2 Bg7 6.Nge2 Nf6 7.O-O O-O 8.f4 d6 9.b3
exf4 10.Nxf4 Bf5 11.Bb2 Re8 12.a3 Rb8 13.Ra2 Qe7 14.Ncd5 Nxd5 15.Nxd5 Qe6 16.
Bxg7 Kxg7 17.Nc7 Qd7 18.Nxe8+ Rxe8 19.Bxc6 Qxc6 20.Qf3 Qb6 21.Rb2 Qc7 22.g4
Be4 23.Qe2 Qe7 24.d3 Bc6 25.e4 Qe5 26.Rbb1 Bd7 27.Qf3 Re7 28.h3 f6 29.Kg2 Qg5
30.Qf4 Qe5 31.Qxe5 fxe5 32.g5 a6 33.Rf6 Re6 34.Rxe6 Bxe6 35.Rf1 1-0

[Event "Prebor mesta Vsetina"]
[Site "Vsetin, Czech Republic"]
[Date "2021.07.06"]
[Round "6.5"]
[White "Kopecky, Matej"]
[Black "Brousek, Jiri"]
[Result "0-1"]
[WhiteElo "1419"]
[BlackElo "1833"]
[PlyCount "46"]
[EventDate "2021.??.??"]

1.e4 e6 2.d3 d5 3.exd5 exd5 4.Nf3 Bd6 5.Bg5 f6 6.Be3 Ne7 7.c3 O-O 8.Be2 Re8 9.
O-O c5 10.d4 c4 11.Nh4 Nbc6 12.Qd2 Qc7 13.h3 Nf5 14.Nxf5 Bxf5 15.Na3 a6 16.Nc2
Re7 17.Ne1 Rae8 18.Nf3 Qd7 19.g4 Bxg4 20.hxg4 Qxg4+ 21.Kh1 Qh3+ 22.Kg1 Re4 23.
Ne5 Rh4 0-1

[Event "Prebor mesta Vsetina"]
[Site "Vsetin, Czech Republic"]
[Date "2021.07.06"]
[Round "6.6"]
[White "Vaculik, Lubomir"]
[Black "Sveduk, Jakub"]
[Result "1-0"]
[WhiteElo "1824"]
[BlackElo "1367"]
[PlyCount "39"]
[EventDate "2021.??.??"]

1.Nf3 e6 2.c4 c5 3.Nc3 Nf6 4.e4 Nc6 5.Be2 a6 6.O-O Bd6 7.d4 cxd4 8.Nxd4 h6 9.
Be3 O-O 10.f4 Bc5 11.e5 Ne8 12.Kh1 Bxd4 13.Bxd4 Nxd4 14.Qxd4 g6 15.Rad1 Ng7
16.Ne4 Nf5 17.Qf2 b6 18.Bf3 Ra7 19.g4 Nh4 20.Nf6+ 1-0

[Event "Prebor mesta Vsetina"]
[Site "Vsetin, Czech Republic"]
[Date "2021.07.06"]
[Round "6.7"]
[White "Vlachopulos, Elefteris"]
[Black "Orsag, Roman"]
[Result "0-1"]
[WhiteElo "1667"]
[BlackElo "1278"]
[PlyCount "82"]
[EventDate "2021.??.??"]

1.d4 d5 2.Nf3 Nf6 3.c4 e6 4.e3 Bb4+ 5.Bd2 Bxd2+ 6.Nbxd2 O-O 7.Qb3 c6 8.Rc1
Nbd7 9.c5 Re8 10.Ne5 Nxe5 11.dxe5 Nd7 12.f4 Qa5 13.Qc2 f6 14.exf6 Nxf6 15.Bd3
e5 16.O-O e4 17.Be2 Bg4 18.Nb3 Qc7 19.h3 Bxe2 20.Qxe2 Qf7 21.g4 Nd7 22.g5 Nf8
23.Nd4 Ne6 24.Nb3 Qf5 25.Kh2 Kf7 26.Rg1 Ke7 27.Rg4 Rh8 28.h4 g6 29.Qg2 Rag8
30.Nd2 Ng7 31.Rg1 Qe6 32.Qe2 Nf5 33.b4 h6 34.gxh6 Rxh6 35.Nb3 Rgh8 36.Kg2
Nxe3+ 37.Qxe3 Qxg4+ 38.Kf2 Qxh4+ 39.Ke2 Qh2+ 40.Kf1 Qxg1+ 41.Kxg1 Rh1+ 0-1

[Event "Prebor mesta Vsetina"]
[Site "Vsetin, Czech Republic"]
[Date "2021.07.06"]
[Round "6.8"]
[White "Papsik, Miroslav"]
[Black "Kucera, Pavel"]
[Result "0-1"]
[WhiteElo "1616"]
[BlackElo "1329"]
[PlyCount "48"]
[EventDate "2021.??.??"]

1.d4 d5 2.e3 Nf6 3.Bd3 Nc6 4.Nf3 e6 5.c3 g6 6.Nbd2 Bg7 7.e4 dxe4 8.Nxe4 e5 9.
Nxf6+ Bxf6 10.Qe2 O-O 11.dxe5 Nxe5 12.Nxe5 Bxe5 13.Be3 Re8 14.O-O-O Qe7 15.h4
Bd7 16.h5 g5 17.Qc2 h6 18.Rde1 Bc6 19.Bf1 Bf4 20.Kb1 Rad8 21.Bd3 Rxd3 22.Bxf4
Qxe1+ 23.Rxe1 Rxe1+ 24.Bc1 Rdd1 0-1

[Event "Prebor mesta Vsetina"]
[Site "Vsetin, Czech Republic"]
[Date "????.??.??"]
[Round "7.1"]
[White "Bosak, Jan"]
[Black "Vaculik, Lubomir"]
[Result "1-0"]
[WhiteElo "2059"]
[BlackElo "1824"]
[PlyCount "98"]

1.d4 Nf6 2.c4 g6 3.Nf3 Bg7 4.Nc3 O-O 5.e4 d6 6.Be2 Nbd7 7.O-O e5 8.Be3 c6 9.
Qc2 Qc7 10.dxe5 dxe5 11.Nd2 Ne8 12.c5 f5 13.f3 f4 14.Bf2 Kh8 15.Rfd1 Rf7 16.
Bc4 Re7 17.b4 Nf8 18.Qb2 Be6 19.Nd5 cxd5 20.exd5 Bxd5 21.Bxd5 e4 22.Bd4 e3 23.
Ne4 Ne6 24.Bxg7+ N6xg7 25.Kf1 Rd8 26.Rd3 Qe5 27.Qxe5 Rxe5 28.Rad1 Rd7 29.Bc4
Rxd3 30.Rxd3 Re7 31.g3 Nf5 32.gxf4 Kg7 33.Ke2 h6 34.Nd6 Nexd6 35.cxd6 Rd7 36.
Be6 Rd8 37.d7 Kf6 38.Bxf5 Kxf5 39.Kxe3 Ke6 40.Ke4 a6 41.h3 b6 42.a3 a5 43.bxa5
bxa5 44.Rd5 a4 45.Rd4 Rxd7 46.Rxd7 Kxd7 47.f5 gxf5+ 48.Kxf5 Kd6 49.f4 Kd5 1-0

[Event "Prebor mesta Vsetina"]
[Site "Vsetin, Czech Republic"]
[Date "????.??.??"]
[Round "7.2"]
[White "Brousek, Jiri"]
[Black "Zadrapa, Radek"]
[Result "0-1"]
[WhiteElo "1833"]
[BlackElo "2048"]
[PlyCount "66"]

1.d4 Nf6 2.Nf3 g6 3.Nc3 d5 4.Bf4 Bg7 5.e3 O-O 6.Be2 Nh5 7.Bg3 c6 8.Bxb8 Rxb8
9.Ne5 Nf6 10.h4 Nd7 11.Nxd7 Bxd7 12.h5 e5 13.Qd2 exd4 14.exd4 Qf6 15.Rd1 Rbe8
16.O-O Qh4 17.Bf3 Bg4 18.Bxg4 Qxg4 19.hxg6 hxg6 20.f3 Qh5 21.g4 Qh4 22.Qf2 Qg5
23.Rfe1 f5 24.Rxe8 Rxe8 25.Rd3 fxg4 26.f4 Qf5 27.Ne2 Bh6 28.Re3 Rf8 29.Qh4
Bxf4 30.Re7 Qh5 31.Qxh5 gxh5 32.Rxb7 Be3+ 33.Kh1 Rf1+ 0-1

[Event "Prebor mesta Vsetina"]
[Site "Vsetin, Czech Republic"]
[Date "????.??.??"]
[Round "7.3"]
[White "Matus, Filip"]
[Black "Galda, Tomas"]
[Result "1/2-1/2"]
[WhiteElo "1947"]
[BlackElo "1552"]
[PlyCount "46"]

1.e4 c6 2.Nf3 d5 3.Nc3 g6 4.d4 Bg7 5.Be2 Bg4 6.Be3 e6 7.h3 Bxf3 8.Bxf3 Ne7 9.
Qd2 Nd7 10.O-O-O Qa5 11.Kb1 dxe4 12.Nxe4 Qxd2 13.Nd6+ Kf8 14.Rxd2 b6 15.Ne4
Nf6 16.Nxf6 Bxf6 17.Rhd1 b5 18.Bh6+ Ke8 19.Bf4 Rd8 20.c3 Nd5 21.Bg3 Ke7 22.Kc2
a5 23.Re2 Rd7 1/2-1/2

[Event "Prebor mesta Vsetina"]
[Site "Vsetin, Czech Republic"]
[Date "????.??.??"]
[Round "7.4"]
[White "Juracak, David"]
[Black "Dolezal, Karel"]
[Result "0-1"]
[WhiteElo "1660"]
[BlackElo "1895"]
[PlyCount "100"]

1.d4 g6 2.c4 d6 3.Nf3 Bg7 4.Nc3 c6 5.e3 Bg4 6.Be2 Nf6 7.h3 Bxf3 8.Bxf3 Nbd7 9.
Qb3 Qb6 10.Bd2 Qxb3 11.axb3 a6 12.b4 O-O 13.O-O e6 14.b5 axb5 15.cxb5 d5 16.
bxc6 bxc6 17.Na4 Rfc8 18.Rfc1 Bf8 19.b4 Rab8 20.Nc5 Bxc5 21.bxc5 Ne4 22.Bxe4
dxe4 23.Rcb1 Nf6 24.Kf1 Nd5 25.Ke2 Rxb1 26.Rxb1 Ra8 27.Rb2 Ra7 28.Be1 f5 29.
Bd2 Kg7 30.h4 Kh6 31.g3 Kh5 32.Kf1 Kg4 33.Kg2 h6 34.Be1 Ra6 35.Bd2 g5 36.hxg5
hxg5 37.Rc2 Ra4 38.Rb2 f4 39.gxf4 gxf4 40.Rc2 f3+ 41.Kh2 Ra1 42.Rb2 Nf6 43.Rc2
Rf1 44.Ba5 Ra1 45.Bc7 Re1 46.Ba5 Re2 47.Rxe2 fxe2 48.Kg2 Nd5 49.Bd2 Nc7 50.Be1
Nb5 0-1

[Event "Prebor mesta Vsetina"]
[Site "Vsetin, Czech Republic"]
[Date "????.??.??"]
[Round "7.5"]
[White "Pys, Zbynek"]
[Black "Orsag, Roman"]
[Result "1-0"]
[WhiteElo "1936"]
[BlackElo "1278"]
[PlyCount "69"]

1.Nf3 Nc6 2.d4 d5 3.e3 Nf6 4.Nbd2 a6 5.c4 Bg4 6.Be2 e6 7.O-O Be7 8.a3 O-O 9.b4
Na7 10.Bb2 c6 11.Ne5 Bxe2 12.Qxe2 Bd6 13.f4 Bxe5 14.dxe5 Nd7 15.Qg4 Qe7 16.e4
Nb6 17.cxd5 cxd5 18.Bd4 Nd7 19.exd5 exd5 20.Nf3 Nc6 21.Bb2 Qe6 22.f5 Qe8 23.e6
f6 24.exd7 Qxd7 25.Rad1 Rae8 26.Rfe1 Qd6 27.Re6 Rxe6 28.fxe6 Ne7 29.Re1 Ng6
30.Bd4 b6 31.g3 Re8 32.Kg2 Re7 33.h4 Rc7 34.h5 Nf8 35.Bxf6 1-0

[Event "Prebor mesta Vsetina"]
[Site "Vsetin, Czech Republic"]
[Date "????.??.??"]
[Round "7.6"]
[White "Kucera, Pavel"]
[Black "Zadrapova, Amalie"]
[Result "1/2-1/2"]
[WhiteElo "1329"]
[BlackElo "1471"]
[PlyCount "57"]

1.e4 c5 2.Nf3 d6 3.d4 cxd4 4.Nxd4 Nf6 5.Nc3 a6 6.f3 e6 7.Be3 Qc7 8.Qd2 Nbd7 9.
Be2 b5 10.a3 Be7 11.O-O O-O 12.Na2 Ne5 13.Nb4 Bb7 14.Rfc1 Rac8 15.Bf2 d5 16.
exd5 Nxd5 17.Nxd5 Bxd5 18.Bg3 Bd6 19.a4 Nc4 20.Bxd6 Qxd6 21.Bxc4 Bxc4 22.Rd1
Rfd8 23.b3 e5 24.bxc4 exd4 25.cxb5 axb5 26.axb5 Qc5 27.Kh1 Qxb5 28.Rac1 h6 29.
Qd3 1/2-1/2

[Event "Prebor mesta Vsetina"]
[Site "Vsetin, Czech Republic"]
[Date "????.??.??"]
[Round "7.7"]
[White "Matus, Jakub"]
[Black "Parak, Frantisek"]
[Result "1-0"]
[WhiteElo "1248"]
[BlackElo "1545"]
[PlyCount "97"]

1.e4 c5 2.Nf3 d6 3.d4 cxd4 4.Nxd4 Nf6 5.Nc3 e6 6.Bg5 Be7 7.Bc4 a6 8.O-O Qc7 9.
Bd3 O-O 10.Nde2 Nbd7 11.Kh1 b5 12.f4 Bb7 13.Ng3 h6 14.Bxf6 Nxf6 15.f5 e5 16.
Nh5 Qd8 17.Nxf6+ Bxf6 18.Qh5 Rc8 19.Rf3 Qb6 20.Rg3 Kh7 21.Rh3 Qf2 22.Rf1 Qd2
23.Rd1 Qg5 24.Qe2 Bd8 25.Rg3 Qf6 26.Rh3 Ba5 27.Nd5 Bxd5 28.exd5 Bb6 29.Qh5 Rc5
30.Be4 Rc4 31.Re1 Rd4 32.Qe2 Ba5 33.c3 Rc4 34.a3 Rcc8 35.Qh5 Bb6 36.g4 Bd8 37.
Rg1 Qg5 38.f6+ Kg8 39.Qxg5 hxg5 40.Bh7+ Kh8 41.Bf5+ Kg8 42.Bxc8 Bxf6 43.Bxa6
Rb8 44.Rc1 g6 45.Rf3 Kg7 46.Rcf1 Rb6 47.Rxf6 Rxa6 48.Rxf7+ Kh6 49.R1f3 1-0

[Event "Prebor mesta Vsetina"]
[Site "Vsetin, Czech Republic"]
[Date "????.??.??"]
[Round "7.8"]
[White "Sveduk, Jakub"]
[Black "Zadrapa, Jakub"]
[Result "0-1"]
[WhiteElo "1367"]
[BlackElo "1509"]
[PlyCount "74"]

1.d4 d5 2.c4 e6 3.Nc3 Nf6 4.Nf3 Be7 5.Bg5 a6 6.e3 O-O 7.Bd3 dxc4 8.Bxc4 Nbd7
9.O-O c5 10.Qd3 b5 11.Nxb5 axb5 12.Bxb5 cxd4 13.Nxd4 Bb7 14.Nc6 Bxc6 15.Bxc6
Ne5 16.Qxd8 Raxd8 17.Bb5 Rd2 18.b3 Rfd8 19.a4 h6 20.Bxf6 Bxf6 21.Rab1 Nd3 22.
Bxd3 R8xd3 23.g3 Rb2 24.Rxb2 Bxb2 25.Rb1 Rxb3 26.a5 Rb8 27.f4 Be5 28.Rb6 Rxb6
29.axb6 Bb8 30.Kf2 Kf8 31.e4 Ke7 32.Ke3 Kd6 33.Kd4 Kc6 34.e5 Kxb6 35.Ke4 Kc5
36.g4 g5 37.f5 Kc4 0-1

[Event "Prebor mesta Vsetina"]
[Site "Vsetin, Czech Republic"]
[Date "2021.07.08"]
[Round "8.1"]
[White "Matus, Filip"]
[Black "Bosak, Jan"]
[Result "1/2-1/2"]
[WhiteElo "1947"]
[BlackElo "2059"]
[PlyCount "30"]
[EventDate "2021.??.??"]

1.e4 e6 2.d4 d5 3.Nd2 a6 4.Ngf3 c5 5.exd5 exd5 6.Be2 Nc6 7.O-O cxd4 8.Re1 Be7
9.Nb3 Nf6 10.Nbxd4 O-O 11.Bf4 Re8 12.c3 Nh5 13.Bg3 Bf6 14.Qd2 Nxg3 15.hxg3 Bg4
1/2-1/2

[Event "Prebor mesta Vsetina"]
[Site "Vsetin, Czech Republic"]
[Date "2021.07.08"]
[Round "8.2"]
[White "Zadrapa, Radek"]
[Black "Dolezal, Karel"]
[Result "1/2-1/2"]
[WhiteElo "2048"]
[BlackElo "1895"]
[PlyCount "108"]
[EventDate "2021.??.??"]

1.d4 d5 2.c4 c6 3.Nf3 g6 4.e3 Nf6 5.Nbd2 Bg7 6.Bd3 O-O 7.O-O Bg4 8.h3 Bxf3 9.
Nxf3 e6 10.Qb3 Qb6 11.Bd2 Nbd7 12.Qxb6 axb6 13.a4 Ra7 14.Bc3 Rfa8 15.b3 dxc4
16.Bxc4 Nd5 17.Bb2 c5 18.Rac1 Nb4 19.Bb5 Nc6 20.Rfd1 Rd8 21.Ba3 Raa8 22.dxc5
Nxc5 23.Rxd8+ Rxd8 24.Bxc5 bxc5 25.Bxc6 bxc6 26.Rxc5 Rb8 27.Nd2 Rb6 28.Kf1 Bf8
29.Rc2 f6 30.Ke2 Kf7 31.g4 e5 32.a5 Ra6 33.Ra2 Ke6 34.Kd3 f5 35.Kc4 fxg4 36.
hxg4 h5 37.gxh5 gxh5 38.b4 h4 39.b5 cxb5+ 40.Kxb5 Ra8 41.Ne4 Kf5 42.f3 Bh6 43.
Re2 Rb8+ 44.Kc4 Ra8 45.Nd6+ Ke6 46.Nb7 h3 47.Kb5 Rh8 48.f4 exf4 49.exf4+ Kf5
50.Nd6+ Kxf4 51.Nf7 Rb8+ 52.Kc6 Kf3 53.Ra2 Bf4 54.a6 h2 1/2-1/2

[Event "Prebor mesta Vsetina"]
[Site "Vsetin, Czech Republic"]
[Date "2021.07.08"]
[Round "8.3"]
[White "Galda, Tomas"]
[Black "Pys, Zbynek"]
[Result "1/2-1/2"]
[WhiteElo "1552"]
[BlackElo "1936"]
[PlyCount "54"]
[EventDate "2021.??.??"]

1.d4 d5 2.Bf4 c6 3.Nf3 Nf6 4.h3 g6 5.e3 Bg7 6.c4 O-O 7.Nc3 Qb6 8.Qb3 Be6 9.c5
Qxb3 10.axb3 Nbd7 11.b4 Ne4 12.Bd3 Nxc3 13.bxc3 f6 14.Nd2 a6 15.Nb3 Bf7 16.Bc7
Rac8 17.Bb6 e5 18.Kd2 f5 19.f4 exd4 20.cxd4 Rfe8 21.Rhe1 Bf6 22.g3 h6 23.Na5
Nxb6 24.cxb6 Rb8 25.Nb3 Be7 26.Nc5 Bxc5 27.bxc5 Be6 1/2-1/2

[Event "Prebor mesta Vsetina"]
[Site "Vsetin, Czech Republic"]
[Date "2021.07.08"]
[Round "8.4"]
[White "Brousek, Jiri"]
[Black "Kucera, Pavel"]
[Result "1-0"]
[WhiteElo "1833"]
[BlackElo "1329"]
[PlyCount "49"]
[EventDate "2021.??.??"]

1.d4 d5 2.Nf3 Bf5 3.e3 e6 4.c4 Nf6 5.Nc3 c6 6.cxd5 exd5 7.Nh4 Bg6 8.Nxg6 hxg6
9.h3 Bd6 10.Bd3 Nbd7 11.Qb3 Qc7 12.Bd2 Ng4 13.Rc1 Qb6 14.Qxb6 Nxb6 15.O-O Kd7
16.Rfe1 Nh6 17.e4 dxe4 18.Nxe4 Be7 19.Nc5+ Bxc5 20.dxc5 Nd5 21.Rcd1 f5 22.Bc4
Nf7 23.Bc3 Rhe8 24.Rxd5+ cxd5 25.Bb5+ 1-0

[Event "Prebor mesta Vsetina"]
[Site "Vsetin, Czech Republic"]
[Date "2021.07.08"]
[Round "8.5"]
[White "Vaculik, Lubomir"]
[Black "Matus, Jakub"]
[Result "1-0"]
[WhiteElo "1824"]
[BlackElo "1248"]
[PlyCount "53"]
[EventDate "2021.??.??"]

1.Nf3 d5 2.c4 dxc4 3.Nc3 Nf6 4.e3 e6 5.Bxc4 Bd6 6.O-O O-O 7.d4 c5 8.dxc5 Bxc5
9.Qc2 Nc6 10.e4 e5 11.Rd1 Qc7 12.Bg5 Be7 13.Bxf6 Bxf6 14.Nd5 Qb8 15.Nxf6+ gxf6
16.Qc3 Bg4 17.h3 Bh5 18.Rd2 Qc7 19.Nh4 Kh8 20.Nf5 Bg6 21.Bd5 Rac8 22.Rc1 Bxf5
23.exf5 Rfd8 24.Qb3 Qe7 25.Qe3 Nd4 26.Rxc8 Rxc8 27.Rxd4 1-0

[Event "Prebor mesta Vsetina"]
[Site "Vsetin, Czech Republic"]
[Date "2021.07.08"]
[Round "8.6"]
[White "Zadrapova, Amalie"]
[Black "Juracak, David"]
[Result "0-1"]
[WhiteElo "1471"]
[BlackElo "1660"]
[PlyCount "64"]
[EventDate "2021.??.??"]

1.c4 e5 2.Nc3 Nf6 3.Nf3 Nc6 4.e3 d6 5.Be2 Be7 6.O-O O-O 7.d4 exd4 8.exd4 h6 9.
b3 d5 10.c5 Ne4 11.Qc2 Bf5 12.Qb2 Bf6 13.Be3 Nxc3 14.Qxc3 Re8 15.b4 a6 16.a4
Bg4 17.b5 Nxd4 18.Nxd4 Bxe2 19.Rfe1 Bc4 20.Rab1 axb5 21.axb5 Ra4 22.Qd2 Ra2
23.Qc1 Bxd4 24.Bxd4 Rxe1+ 25.Qxe1 Re2 26.Qd1 Qe8 27.b6 c6 28.h3 Qe4 29.Ra1 Bb3
30.Qb1 Bc2 31.Qb2 Qg6 32.Ra3 Be4 0-1

[Event "Prebor mesta Vsetina"]
[Site "Vsetin, Czech Republic"]
[Date "2021.07.08"]
[Round "8.7"]
[White "Zadrapa, Jakub"]
[Black "Kopecky, Matej"]
[Result "1/2-1/2"]
[WhiteElo "1509"]
[BlackElo "1419"]
[PlyCount "58"]
[EventDate "2021.??.??"]

1.e4 c5 2.Nf3 Nc6 3.d4 cxd4 4.Nxd4 g6 5.Be3 Bg7 6.Nxc6 bxc6 7.Bd4 e5 8.Be3 Nf6
9.Nd2 d5 10.Bd3 Ng4 11.Bc5 f5 12.f3 fxe4 13.Bxe4 dxe4 14.fxg4 Qd5 15.Nb3 Bf8
16.Be3 Be7 17.O-O Qxd1 18.Raxd1 Bxg4 19.Rde1 a6 20.Bc5 Bf5 21.h3 Bh4 22.Re2 h5
23.Nd2 Rd8 24.Nxe4 Rd5 25.Bb4 a5 26.Bc3 Kd7 27.g3 Bd8 28.Kh2 Bc7 29.Rfe1 Re8
1/2-1/2

[Event "Prebor mesta Vsetina"]
[Site "Vsetin, Czech Republic"]
[Date "2021.07.08"]
[Round "8.8"]
[White "Vlachopulos, Elefteris"]
[Black "Papsik, Miroslav"]
[Result "0-1"]
[WhiteElo "1667"]
[BlackElo "1616"]
[PlyCount "72"]
[EventDate "2021.??.??"]

1.d4 d5 2.Nf3 Nf6 3.c4 e6 4.Nc3 Nc6 5.Bg5 Be7 6.e3 a6 7.a4 b6 8.Bd3 dxc4 9.
Bxc4 Bb7 10.O-O Na5 11.Bd3 c5 12.dxc5 bxc5 13.Qe2 O-O 14.Rfd1 Qc7 15.Bf4 Qc6
16.e4 Rad8 17.Ne5 Qb6 18.Be3 Qc7 19.Bf4 Bd6 20.Nxf7 Bxf4 21.Nxd8 Rxd8 22.g3
Be5 23.Bxa6 Rf8 24.Bxb7 Qxb7 25.f3 Bd4+ 26.Kg2 Nc6 27.Nb5 Nd7 28.Ra3 Nde5 29.
f4 Ng6 30.Rf3 Qe7 31.b3 Qf6 32.Qc4 Nge5 33.Qc2 Nxf3 34.Kxf3 Ne5+ 35.Kg2 Ng4
36.Nxd4 Ne3+ 0-1

[Event "Prebor mesta Vsetina"]
[Site "Vsetin, Czech Republic"]
[Date "????.??.??"]
[Round "9.1"]
[White "Bosak, Jan"]
[Black "Brousek, Jiri"]
[Result "1-0"]
[WhiteElo "2059"]
[BlackElo "1833"]
[PlyCount "71"]

1.c4 e5 2.Nc3 Nc6 3.Nf3 Nf6 4.g3 Bc5 5.Bg2 O-O 6.O-O d6 7.a3 Bb6 8.d3 h6 9.b4
Re8 10.Bb2 Bf5 11.b5 Na5 12.e4 Bg4 13.h3 Be6 14.a4 c6 15.Ba3 Bd4 16.Nxd4 exd4
17.Ne2 c5 18.Bc1 Rb8 19.f4 b6 20.g4 Nd7 21.f5 Bxc4 22.dxc4 Nxc4 23.Nf4 Nde5
24.Nd5 Qh4 25.Bf4 Nb2 26.Qd2 Nbc4 27.Qa2 Rbc8 28.Rac1 Na5 29.f6 Nd3 30.Rcd1
Nxf4 31.Rxf4 Qg5 32.Rf5 Qh4 33.Ne7+ Rxe7 34.fxe7 Qxe7 35.e5 g6 36.exd6 1-0